Алгебра и начала математического анализа (Запись № 3453953)
[ простой вид ]
| 000 -МАРКЕР | |
|---|---|
| контрольное поле | 01743nam0a2200361 i 4500 |
| 001 - ИДЕНТИФИКАТОР ЗАПИСИ | |
| контрольное поле | RU\NLR\bibl\1943161 |
| 005 - ИДЕНТИФИКАТОР ВЕРСИИ | |
| контрольное поле | 20260406154051.0 |
| 010 ## - МЕЖДУНАРОДНЫЙ СТАНДАРТНЫЙ НОМЕР КНИГИ (ISBN) | |
| Номер (ISBN) | 9785346020646 |
| Тираж | 3000 |
| 021 ## - НОМЕР ГОСУДАРСТВЕННОЙ РЕГИСТРАЦИИ | |
| Код страны | Российская Федерация |
| Номер | 2012-58748 |
| Номер Листа государственной регистраци | 4301 |
| 035 ## - ДРУГИЕ СИСТЕМНЫЕ НОМЕРА | |
| Идентификатор записи | (NLR Aleph) 001932419 |
| 100 ## - ДАННЫЕ ОБЩЕЙ ОБРАБОТКИ | |
| Данные общей обработки | 20120910d2012 e y0rusy50 ca |
| 101 0# - ЯЗЫК РЕСУРСА | |
| Язык текста, звукозаписи и т.д. | русский |
| 102 ## - СТРАНА ПУБЛИКАЦИИ ИЛИ ПРОИЗВОДСТВА | |
| Страна публикации | Российская Федерация |
| 105 ## - ПОЛЕ КОДИРОВАННЫХ ДАННЫХ: ТЕКСТОВЫЕ МАТЕРИАЛЫ, МОНОГРАФИЧЕСКИЕ | |
| Кодированные данные о монографическом текстовом документе | a ||||||||| |
| 200 1# - ЗАГЛАВИЕ И СВЕДЕНИЯ ОБ ОТВЕТСТВЕННОСТИ | |
| Основное заглавие | Алгебра и начала математического анализа |
| Сведения, относящиеся к заглавию | 11 [класс] |
| -- | учебник для учащихся общеобразовательных учреждений |
| -- | (профильный уровень) |
| Первые сведения об ответственности | Н.Я. Виленкин, О.С. Ивашев-Мусатов, С.И. Шварцбурд |
| 205 ## - СВЕДЕНИЯ ОБ ИЗДАНИИ | |
| Сведения об издании | 16-е изд., стер. |
| 210 ## - ПУБЛИКАЦИЯ, РАСПРОСТРАНЕНИЕ И ДР. | |
| Место издания, распространения и т.д. | Москва |
| Имя издателя, распространителя и т. д. | Мнемозина |
| Дата издания, распространения и т.д. | 2012 |
| 215 ## - ФИЗИЧЕСКАЯ ХАРАКТЕРИСТИКА | |
| Специфическое обозначение материала и объем | 303 с. |
| Другие сведения о физической характеристике | ил. |
| Размеры | 22 |
| 320 ## - ПРИМЕЧАНИЯ О НАЛИЧИИ В ДОКУМЕНТЕ БИБЛИОГРАФИИ / УКАЗАТЕЛЯ | |
| Текст примечания | Предм. указ.: с. 299-300 |
| 606 ## - НАИМЕНОВАНИЕ ТЕМЫ КАК ПРЕДМЕТ | |
| Наименование темы | Алгебра |
| Формальный подзаголовок | Учебники для средней школы |
| Системный номер авторитетной/нормативной записи | 922117 |
| Идентификатор авторитетной/нормативной записи | RU\NLR\auth\6619328 |
| 606 1# - НАИМЕНОВАНИЕ ТЕМЫ КАК ПРЕДМЕТ | |
| Наименование темы | Математический анализ |
| Формальный подзаголовок | Учебники для средней школы |
| Системный номер авторитетной/нормативной записи | 963473 |
| Идентификатор авторитетной/нормативной записи | RU\NLR\auth\6641277 |
| 686 ## - ИНДЕКСЫ ДРУГИХ КЛАССИФИКАЦИЙ | |
| Индекс | В151я721-1 |
| 686 ## - ИНДЕКСЫ ДРУГИХ КЛАССИФИКАЦИЙ | |
| Индекс | В161.1я721-1 |
| 700 #1 - ИМЯ ЛИЦА - ПЕРВИЧНАЯ ОТВЕТСТВЕННОСТЬ | |
| Код отношения | Автор |
| Материалы, к которым относится поле | rus |
| Графика поля | Кириллица |
| Начальный элемент ввода | Виленкин |
| Часть имени, кроме начального элемента ввода | Н. Я. |
| Даты | 1920-1991 |
| Расширение инициалов личного имени | Наум Яковлевич |
| Идентификатор авторитетной/нормативной записи | RU\NLR\auth\776772 |
| Системный номер авторитетной/нормативной записи | 116720 |
| 701 #1 - ИМЯ ЛИЦА - АЛЬТЕРНАТИВНАЯ ОТВЕТСТВЕННОСТЬ | |
| Код отношения | Автор |
| Материалы, к которым относится поле | rus |
| Графика поля | Кириллица |
| Начальный элемент ввода | Ивашев-Мусатов |
| Часть имени, кроме начального элемента ввода | О. С. |
| Даты | 1927- |
| Расширение инициалов личного имени | Олег Сергеевич |
| Идентификатор авторитетной/нормативной записи | RU\NLR\auth\779995 |
| Системный номер авторитетной/нормативной записи | 119782 |
| 701 #1 - ИМЯ ЛИЦА - АЛЬТЕРНАТИВНАЯ ОТВЕТСТВЕННОСТЬ | |
| Код отношения | Автор |
| Материалы, к которым относится поле | rus |
| Графика поля | Кириллица |
| Начальный элемент ввода | Шварцбурд |
| Часть имени, кроме начального элемента ввода | С.И. |
| Даты | 1918-1996 |
| Расширение инициалов личного имени | Семен Исаакович |
| Идентификатор авторитетной/нормативной записи | RU\NLR\auth\7720931 |
| Системный номер авторитетной/нормативной записи | 3997 |
| 801 #0 - ИСТОЧНИК ЗАПИСИ | |
| Страна | Российская Федерация |
| Организация | NLR |
| Дата составления | 20120910 |
| Правила каталогизации | RCR |
| 801 #1 - ИСТОЧНИК ЗАПИСИ | |
| Страна | Российская Федерация |
| Организация | NLR |
| Дата составления | 20120910 |
| 830 ## - ОБЩЕЕ ПРИМЕЧАНИЕ, СОСТАВЛЕННОЕ КАТАЛОГИЗАТОРОМ | |
| Текст примечания | авт. по базе |
| 942 ## - ДОПОЛНИТЕЛЬНЫЕ ЭЛЕМЕНТЫ ЗАПИСИ (АБИС) | |
| Тип экземпляра АБИС | Книга |
| 980 ## - КОЛЛЕКЦИЯ | |
| Название коллекции | НБР |
Нет доступных экземпляров.